000 00436nam a2200181Ia 4500
001 20318
005 20260306172757.0
008 260306t2014||||xx |||||||||||||| ||spa||
041 _aESP
082 _a343.11
_bH414
100 _aHakansson Nieto, Carlos
_eAUT
245 0 _aEl proceso de incostitucionalidad
260 _c2014
300 _a235 páginas :
_c20 cm.
650 _aGEN
654 _aCDE
942 _cLIB
_dJUS
_fJUS
_2ddc
_n
999 _c20318
_d20318